| 000 | 00000nam 2200000za 4500 |
| 001 | 9.832087 |
| 003 | CaOODSP |
| 005 | 20250403105841 |
| 007 | cr ||||||||||| |
| 008 | 170209s1916 onc #of f000 0 fre d |
| 040 | |aCaOODSP|bfre |
| 043 | |an-cn-mb|an-cn-sn|an-cn-ab |
| 086 | 1 |aCS98-1916IF-PDF|zCS98-1916I |
| 245 | 00|aRecensements de Manitoba, Saskatchewan et Alberta, 1916, instructions aux commissaires et recenseurs |h[ressource électronique]. |b |
| 246 | 30|aInstructions aux commissaires et recenseurs |
| 260 | |aOttawa : |bBureau des recensements et statistiques, Ministère du Commerce,|c1916 |f(Imprimerie de l'État) |
| 300 | |a51 p. |
| 500 | |a« Approuvées par Arrêté en Conseil du 24 mars 1916 ». |
| 500 | |aPublication du recensement historique numérisée [par Statistique Canada]. |
| 500 | |aPublié aussi en anglais sous le titre : Census of Manitoba, Saskatchewan and Alberta 1916, instructions to commissioners and enumerators. |
| 520 | 0 |aComprend les instructions aux commissionaires et énumérateurs, et Appendice, « Extraits de la Loi du recensement et des statistiques, Chapitre 68, Statuts Revisés du Canada, 1916 ». |
| 692 | 07|2gccst|aRecensement |
| 692 | 07|2gccst|aManuel |
| 710 | 1 |aCanada.|bBureau du recensement et de la statistique. |
| 710 | 2 |aStatistique Canada. |
| 775 | 08|tCensus of Manitoba, Saskatchewan and Alberta 1916, instructions to commissioners and enumerators |w(CaOODSP)9.832082 |
| 794 | |tCensus of Manitoba, Saskatchewan and Alberta 1926, instructions to commissioners and enumerators |w(CaOODSP)9.830360 |
| 856 | 40|qPDF|s1.63 Mo|uhttps://publications.gc.ca/collections/collection_2017/statcan/CS98-1916I-fra.pdf |